Top 10 Najlepszych Polityków w III RP wg AI - Statystyki

Ogólne statystyki
  • Ten quiz został rozwiązany 88 razy
  • Średni wynik to 5 z 10
Statystyki odpowiedzi
Wskazówka Polityk % Poprawnych
Premier, Przewodniczący Rady Europejskiej Donald Tusk
98%
Prezydent Aleksander Kwaśniewski
88%
Prezydent Lech Wałęsa
88%
Prezydent, Marszałek Sejmu, MON Bronisław Komorowski
70%
MSZ, MON, Marszałek Sejmu Radosław Sikorski
57%
Premier Tadeusz Mazowiecki
46%
Premier, Przewodniczący Parl. Eur. Jerzy Buzek
37%
Wicepremier, minister finansów Leszek Balcerowicz
25%
Premier, Min. Sprawiedliwości Hanna Suchocka
19%
MSZ, ambasador Władysław Bartoszewski
1%
Nie znaleziono quizów pasujących do podanych kryteriów
Rozkład punktacji
Procent ludzi z każdym wynikiem
Percentyl według liczby udzielonych odpowiedzi
Twoja historia wyników
Nie rozwiązałeś tego quizu